书目信息 |
| 题名: |
中国动物志
|
|
| 作者: | 任先秋 编著 | |
| 分册: | 第41卷 无脊椎动物 甲壳动物亚门 端足目 钩虾 | |
| 出版信息: | 北京 科学出版社 2006.01 |
|
| 页数: | 588页 | |
| 开本: | 28cm | |
| 丛书名: | ||
| 单 册: | ||
| 中图分类: | Q958.52 | |
| 科图分类: | ||
| 主题词: | 端足目--duan zu mu--动物志--中国 | |
| 电子资源: | ||
| ISBN: | 7-03-016007-X | |
| 000 | 00963nam0 2200229 450 | |
| 001 | 012006930621 | |
| 005 | 20060313171306.35 | |
| 010 | @a7-03-016007-X@b精装@dCNY120.00 | |
| 100 | @a20060313d2006 km y0chiy0120 ea | |
| 101 | 0 | @achi |
| 102 | @aCN@b110000 | |
| 105 | @aa z 000y | |
| 200 | 1 | @a中国动物志@Azhong guo dong wu zhi@h第41卷@i无脊椎动物 甲壳动物亚门 端足目 钩虾@f任先秋编著@Fren xian qiu bian zhu |
| 210 | @a北京@c科学出版社@d2006.01 | |
| 215 | @a588页@c图@d28cm | |
| 330 | @a本书主要介绍中国海产钩虾亚目的第一部分,总论包括研究简史、形态特征、分类地位、分类系统、生物学和生态学特点、分布于区系分析、演化和经济意义等项。各论则对物种进行了全面地记载和描述。 | |
| 517 | 1 | @a无脊椎动物 甲壳动物亚门 端足目 钩虾@Awu ji zhui dong wu jia ke dong wu ya men duan zu mu gou xia |
| 606 | 0 | @a端足目@Aduan zu mu@x动物志@y中国 |
| 690 | @aQ958.52@v4 | |
| 701 | 0 | @a任先秋@Aren xian qiu@4编著 |
| 801 | 0 | @aCN@bQSSK@c20060313 |
| 905 | @a10447@dQ958.52@eR565 | |
| 中国动物志.第41卷.无脊椎动物 甲壳动物亚门 端足目 钩虾/任先秋编著.-北京:科学出版社,2006.01 |
| 588页:图;28cm |
| ISBN 7-03-016007-X(精装):CNY120.00 |
| 本书主要介绍中国海产钩虾亚目的第一部分,总论包括研究简史、形态特征、分类地位、分类系统、生物学和生态学特点、分布于区系分析、演化和经济意义等项。各论则对物种进行了全面地记载和描述。 |
| ● |
| 相关链接 |
|
|
|
正题名:中国动物志
索取号:Q958.52/R565
 
预约/预借
| 序号 | 登录号 | 条形码 | 馆藏地/架位号 | 状态 | 备注 |
| 1 | 556166 | 205561667 | 自科库401/401自科库 37排2列1层/ [索取号:Q958.52/R565] | 在馆 |